| 000 | 01450cam a22004094a 4500 | ||
|---|---|---|---|
| 001 | 14459085 | ||
| 003 | OSt | ||
| 005 | 20140410092744.0 | ||
| 008 | 060719s2006 nyu c 000 1 eng | ||
| 010 | _a 2006049581 | ||
| 020 | _a0545007992 | ||
| 040 |
_aDLC _cDLC _dDLC |
||
| 042 | _alcac | ||
| 050 | 0 | 0 |
_aPZ7 _b.C695Lc 2007 |
| 082 | 0 | 0 | _a[Fic] |
| 100 | 1 |
_aColfer, Eoin. _917202 |
|
| 245 | 1 | 0 |
_aArtemis Fowl : _pthe lost colony / _cEoin Colfer. |
| 246 | 3 | 0 | _aLost colony |
| 250 | _a1st American ed. | ||
| 260 |
_aNew York : _bScholastic _cc2007. |
||
| 300 |
_a385 p. ; _c21 cm. |
||
| 440 |
_aArtemis Fowl. _917203 |
||
| 500 | _a"Miramax books." | ||
| 520 | _aWhen demons begin appearing on Earth unpredictably, foreshadowing a cataclysmic breakdown of their magic, Artemis and his friends face a new foe--a twelve-year-old girl whose intellect just might match Artemis's own--as they try to prevent catastrophe. | ||
| 521 | _aG5 | ||
| 526 | _c740 | ||
| 562 | _eFor circulation. 1 copy available in the collection | ||
| 650 | 1 |
_aAdventure and adventurers _vFiction. _923735 |
|
| 650 | 1 |
_aSpace and time _vFiction. _923736 |
|
| 650 | 1 |
_aFairies _vFiction. _923737 |
|
| 650 | 1 |
_aMagic _vFiction. _923738 |
|
| 650 | 1 |
_aDemonology _vFiction. _923739 |
|
| 906 |
_a7 _bcbc _corignew _d1 _eocip _f20 _gy-gencatlg |
||
| 942 |
_2lcc _cBK |
||
| 999 |
_c33635 _d33635 |
||